[Event "CZE-chT2C 1213"]
[Site "Czech Republic"]
[Date "2013.01.06"]
[Round "6.7"]
[White "Matejka, Radek"]
[Black "Zemek, Petr"]
[Result "0-1"]
[WhiteElo "2011"]
[BlackElo "1937"]
[PlyCount "96"]
[EventDate "2012.10.14"]
[EventType "team-tourn"]
[EventRounds "11"]
[EventCountry "CZE"]
[SourceTitle "EXT 2015"]
[Source "ChessBase"]
[SourceDate "2014.11.20"]
[SourceVersion "1"]
[SourceVersionDate "2014.11.20"]
[SourceQuality "1"]
[WhiteTeam "Pisek"]
[BlackTeam "Jihlava Gambit"]
[WhiteTeamCountry "CZE"]
[BlackTeamCountry "CZE"]

1. d4 d5 2. c4 e6 3. Nf3 Nf6 4. Bf4 Be7 5. e3 0-0 6. Qc2 c5 7. Nc3 cxd4 8. exd4 a6 9. Be2 Nc6 10. Rd1 Nb4 11. Qb1 dxc4 12. Bxc4 b5 13. Be2 Bb7 14. 0-0 Rc8 15. Ng5 h6 16. Nge4 Nbd5 17. Nxd5 Bxd5 18. Nc3 Bc4 19. Bd3 Qa5 20. a3 Bxa3 21. Bxc4 Rxc4 22. Nxb5 Qxb5 23. bxa3 Qxb1 24. Rxb1 Rxd4 25. Rb4 Rfd8 26. Rxd4 Rxd4 27. Be5 Ra4 28. Bxf6 gxf6 29. Ra1 e5 30. Kf1 f5 31. Ke2 Kg7 32. g3 Kg6 33. Ke3 Kg5 34. Kf3 f4 35. h3 fxg3 36. Kxg3 f5 37. f3 h5 38. Ra2 h4+ 39. Kg2 Kf4 40. Kf2 Rc4 41. Rb2 Rc3 42. Rb4+ e4 43. fxe4 fxe4 44. Ra4 Rxh3 45. Rxa6 Rh2+ 46. Kg1 Re2 47. Rh6 e3 48. Rxh4+ Kg3 0-1

[Event "CZE-chT2C 1213"]
[Site "Czech Republic"]
[Date "2012.11.18"]
[Round "3.8"]
[White "Zemek, Petr"]
[Black "Pospisil, Martin"]
[Result "1/2-1/2"]
[WhiteElo "1937"]
[BlackElo "2007"]
[PlyCount "67"]
[EventDate "2012.10.14"]
[EventType "team-tourn"]
[EventRounds "11"]
[EventCountry "CZE"]
[SourceTitle "EXT 2015"]
[Source "ChessBase"]
[SourceDate "2014.11.20"]
[SourceVersion "1"]
[SourceVersionDate "2014.11.20"]
[SourceQuality "1"]
[WhiteTeam "Jihlava Gambit"]
[BlackTeam "Ricany"]
[WhiteTeamCountry "CZE"]
[BlackTeamCountry "CZE"]

1. d4 d5 2. c4 e6 3. Nc3 Nf6 4. Bg5 c6 5. e3 Nbd7 6. cxd5 exd5 7. Nf3 Be7 8. Qc2 0-0 9. Bd3 Re8 10. 0-0 Nf8 11. h3 Ne4 12. Bxe7 Qxe7 13. Bxe4 dxe4 14. Nd2 f5 15. Rab1 Ng6 16. Ne2 Be6 17. b4 a6 18. a4 Bd5 19. Rfe1 Qg5 20. Nc4 f4 21. exf4 Nxf4 22. Nxf4 Qxf4 23. Re3 Rf8 24. Ne5 Rad8 25. Rb2 Qh6 26. Rg3 Be6 27. Qd2 Qxd2 28. Rxd2 Rf5 29. Ng4 Rg5 30. Ne3 Rxg3 31. fxg3 b6 32. a5 bxa5 33. bxa5 Bb3 34. Rb2 1/2-1/2

[Event "Zdar nad Sazavou Vysocina op 7th"]
[Site "Zdar nad Sazavou"]
[Date "2010.09.30"]
[Round "7"]
[White "Smolik, Boris"]
[Black "Zemek, Petr"]
[Result "1-0"]
[WhiteElo "1863"]
[BlackElo "1967"]
[PlyCount "70"]
[EventDate "2010.09.25"]
[EventType "swiss"]
[EventRounds "9"]
[EventCountry "CZE"]
[SourceTitle "CBM 138 Extra"]
[Source "ChessBase"]
[SourceDate "2010.10.29"]
[SourceVersion "1"]
[SourceVersionDate "2010.10.29"]
[SourceQuality "1"]

1. d4 d5 2. c4 e6 3. Nc3 Nf6 4. cxd5 exd5 5. Bg5 Be7 6. e3 c6 7. Bd3 Nbd7 8. Qc2 0-0 9. Nf3 Re8 10. 0-0 Nf8 11. a3 Ng6 12. b4 a6 13. Rfb1 Ne4 14. Bxe7 Qxe7 15. a4 Bg4 16. Bxe4 dxe4 17. Nd2 Bf5 18. b5 Nh4 19. Ne2 Qg5 20. Ng3 cxb5 21. axb5 Rac8 22. Qb2 Re6 23. bxa6 bxa6 24. Qb7 Rec6 25. Rxa6 Rc1+ 26. Rxc1 Rxc1+ 27. Ngf1 h5 28. Ra8+ Kh7 29. Qxf7 Bg6 30. Qg8+ Kh6 31. Qh8+ Bh7 32. Ra6+ Ng6 33. Qe8 Qg4 34. h3 Qd1 35. Qxe4 Qb3 1-0